[Event "NED-ch 1981"]
[Site "Leeuwarden"]
[Date "1981.??.??"]
[Round "1"]
[White "Boersma, Paul"]
[Black "Kuijf, Rini"]
[Result "1-0"]
[WhiteElo "2335"]
[BlackElo "2200"]
[PlyCount "60"]
[EventDate "1981.??.??"]
[Source "ChessBase"]
[SourceDate "1999.07.01"]

1. c4 Nf6 2. Nc3 e6 3. d4 Bb4 4. e3 b6 5. Nge2 Ba6 6. a3 Be7 7. Nf4 d5 8. cxd5
Bxf1 9. Kxf1 Nxd5 10. e4 Nxc3 11. bxc3 c5 12. Be3 cxd4 13. Bxd4 O-O 14. Qg4 Bf6
15. e5 Bg5 16. Nh5 g6 17. h4 gxh5 18. Qf3 Nd7 19. hxg5 Qxg5 20. Rxh5 Qg6 21. g3
f6 22. exf6 Nxf6 23. Rh4 Rae8 24. Re1 h5 25. Kg2 Nd5 26. Qe4 Rf5 27. c4 Nf6 28.
Qc6 Ng4 29. f3 Nh6 30. Rhe4 Nf7 1-0

[Event "NED-ch 1981"]
[Site "Leeuwarden"]
[Date "1981.??.??"]
[Round "1"]
[White "Donner, Jan Hein"]
[Black "Grooten, Herman"]
[Result "1-0"]
[WhiteElo "2475"]
[BlackElo "2200"]
[PlyCount "97"]
[EventDate "1981.??.??"]
[Source "ChessBase"]
[SourceDate "1999.07.01"]

1. d4 Nf6 2. c4 e6 3. Nc3 Bb4 4. e3 c5 5. Bd3 Nc6 6. Nf3 Bxc3+ 7. bxc3 d6 8. e4
e5 9. d5 Ne7 10. Nh4 h6 11. g3 g5 12. Ng2 Bh3 13. Ne3 Qd7 14. f3 O-O-O 15. Rb1
h5 16. Rb2 Nh7 17. Rg1 f5 18. exf5 Nxf5 19. g4 Nxe3 20. Bxe3 hxg4 21. fxg4 Qg7
22. Bf5+ Kb8 23. Rg3 Nf6 24. Qb3 Rdf8 25. Bxg5 Rf7 26. Bxf6 Qxf6 27. Rf2 Qh4
28. Qc2 Rg7 29. g5 Bxf5 30. Qxf5 Qxc4 31. Qf6 Qe4+ 32. Kf1 Rgg8 33. Qxd6+ Ka8
34. g6 Qb1+ 35. Kg2 Qe4+ 36. Kg1 Qe1+ 37. Rf1 Qe2 38. h3 Rc8 39. g7 Rxh3 40.
Rxh3 Qg4+ 41. Kf2 Qxh3 42. Qf8 Qh2+ 43. Ke3 Qg3+ 44. Kd2 Qg2+ 45. Kc1 Qg5+ 46.
Kc2 Qg2+ 47. Kb1 Kb8 48. Qd6+ Ka8 49. Rf8 1-0

[Event "NED-ch 1981"]
[Site "Leeuwarden"]
[Date "1981.??.??"]
[Round "1"]
[White "Van der Vliet, Fred"]
[Black "Hartoch, Rob"]
[Result "1-0"]
[WhiteElo "2395"]
[BlackElo "2405"]
[PlyCount "59"]
[EventDate "1981.??.??"]
[Source "ChessBase"]
[SourceDate "1999.07.01"]

1. Nf3 Nf6 2. g3 d5 3. c4 c6 4. cxd5 cxd5 5. Bg2 Nc6 6. d4 Bg4 7. Ne5 e6 8.
Nxg4 Nxg4 9. e4 Nf6 10. exd5 Nxd5 11. O-O Be7 12. Nc3 O-O 13. Nxd5 exd5 14. Be3
Bf6 15. Rc1 Rc8 16. Rc5 Qb6 17. Qd2 Be7 18. Rxd5 Nb4 19. Rd7 Qe6 20. Rxb7 Rc2
21. Qd1 Rfc8 22. d5 Qf6 23. Bh3 R8c4 24. b3 Rc7 25. Rb8+ Bf8 26. d6 R7c6 27. d7
Rd6 28. d8=Q Rxd8 29. Rxd8 Rxa2 30. Bc5 1-0

[Event "NED-ch 1981"]
[Site "Leeuwarden"]
[Date "1981.??.??"]
[Round "2"]
[White "Hartoch, Rob"]
[Black "Ree, Hans"]
[Result "1/2-1/2"]
[WhiteElo "2405"]
[BlackElo "2485"]
[PlyCount "49"]
[EventDate "1981.??.??"]
[Source "ChessBase"]
[SourceDate "1999.07.01"]

1. Nf3 Nf6 2. d4 g6 3. Bg5 Bg7 4. Nbd2 O-O 5. e4 d6 6. Bd3 h6 7. Bh4 Nc6 8. c3
Nh5 9. O-O Qe8 10. d5 Nd8 11. Nd4 Nf4 12. Bc4 e5 13. Ne2 g5 14. Bg3 f5 15. f3
Qg6 16. Bf2 Nxe2+ 17. Bxe2 f4 18. g4 fxg3 19. hxg3 g4 20. Kg2 gxf3+ 21. Bxf3
Nf7 22. Bh5 Qg5 23. Qe2 Bf6 24. Be3 Qg7 25. Rh1 1/2-1/2

[Event "NED-ch 1981"]
[Site "Leeuwarden"]
[Date "1981.??.??"]
[Round "2"]
[White "Van der Sterren, Paul"]
[Black "Boersma, Paul"]
[Result "0-1"]
[WhiteElo "2440"]
[BlackElo "2335"]
[PlyCount "52"]
[EventDate "1981.??.??"]
[Source "ChessBase"]
[SourceDate "1999.07.01"]

1. e4 c6 2. d4 d5 3. exd5 cxd5 4. c4 Nf6 5. Nc3 Nc6 6. Bg5 Qa5 7. Bxf6 exf6 8.
c5 Bxc5 9. dxc5 d4 10. Rc1 dxc3 11. Rxc3 Qxa2 12. Bc4 Qxb2 13. Re3+ Ne5 14. Rb3
Qa2 15. Bb5+ Nc6 16. Re3+ Be6 17. Ne2 Qa5+ 18. Nc3 O-O 19. O-O Rfd8 20. Qh5 Ne5
21. f4 g6 22. Qe2 Ng4 23. Rg3 f5 24. h3 Nf6 25. Qe5 Nd5 26. Rb1 a6 0-1

[Event "NED-ch 1981"]
[Site "Leeuwarden"]
[Date "1981.??.??"]
[Round "2"]
[White "Van der Wiel, John"]
[Black "Grooten, Herman"]
[Result "1-0"]
[WhiteElo "2465"]
[BlackElo "2200"]
[PlyCount "57"]
[EventDate "1981.??.??"]
[Source "ChessBase"]
[SourceDate "1999.07.01"]

1. e4 c5 2. Nf3 d6 3. d4 cxd4 4. Nxd4 Nf6 5. Nc3 a6 6. Bg5 e6 7. f4 b5 8. e5
dxe5 9. fxe5 Qc7 10. exf6 Qe5+ 11. Be2 Qxg5 12. Qd3 Qxf6 13. Rf1 Qe5 14. Rd1
Ra7 15. Nf3 Qc7 16. Ng5 f5 17. Qd4 h5 18. Rxf5 exf5 19. Nd5 Qa5+ 20. c3 Bd6 21.
Nf6+ gxf6 22. Qxf6 Re7 23. Rxd6 Rg8 24. Kf1 Bd7 25. Bxh5+ Kd8 26. Ne6+ Kc8 27.
Qxe7 Qxa2 28. Rxd7 Nxd7 29. Qd6 1-0

[Event "NED-ch 1981"]
[Site "Leeuwarden"]
[Date "1981.??.??"]
[Round "3"]
[White "Boersma, Paul"]
[Black "Van der Wiel, John"]
[Result "0-1"]
[WhiteElo "2335"]
[BlackElo "2465"]
[PlyCount "58"]
[EventDate "1981.??.??"]
[Source "ChessBase"]
[SourceDate "1999.07.01"]

1. d4 Nf6 2. c4 e6 3. Nf3 b6 4. g3 Ba6 5. Nbd2 Bb4 6. Qb3 c5 7. Bg2 Nc6 8. Ne5
Nxd4 9. Qd1 Rb8 10. O-O b5 11. Ne4 Nxe4 12. Bxe4 bxc4 13. e3 Nf5 14. Qa4 Bb5
15. Qxa7 Qb6 16. Qxb6 Rxb6 17. a3 Ba5 18. Nxc4 Bxc4 19. b4 Bxf1 20. bxa5 Ra6
21. Kxf1 Nd6 22. Bd3 Rxa5 23. a4 Ke7 24. Bd2 Ra7 25. e4 Rha8 26. e5 Nf5 27. a5
Nd4 28. Be4 Nb3 29. Bxa8 Nxa1 0-1

[Event "NED-ch 1981"]
[Site "Leeuwarden"]
[Date "1981.??.??"]
[Round "3"]
[White "Donner, Jan Hein"]
[Black "Hartoch, Rob"]
[Result "1/2-1/2"]
[WhiteElo "2475"]
[BlackElo "2405"]
[PlyCount "66"]
[EventDate "1981.??.??"]
[Source "ChessBase"]
[SourceDate "1999.07.01"]

1. d4 Nf6 2. c4 c5 3. d5 g6 4. Nc3 Bg7 5. e4 d6 6. Bd3 O-O 7. Nge2 e6 8. h3
exd5 9. exd5 Nbd7 10. f4 a6 11. a4 Nh5 12. O-O f5 13. Be3 Re8 14. Bf2 Nf8 15.
Qd2 Bd7 16. Ra3 a5 17. Kh1 b6 18. Ng1 Ra7 19. Be2 Nf6 20. Bh4 Bc8 21. Nf3 Rae7
22. Bd3 N8d7 23. Rg1 Nb8 24. Raa1 Na6 25. Raf1 Nb4 26. Bb1 Kh8 27. Nh2 Re3 28.
Bf2 R3e7 29. g4 Rf7 30. gxf5 Bxf5 31. Bxf5 gxf5 32. Nf3 h6 33. Bh4 Qd7 1/2-1/2

[Event "NED-ch 1981"]
[Site "Leeuwarden"]
[Date "1981.??.??"]
[Round "3"]
[White "Ree, Hans"]
[Black "Ligterink, Gert"]
[Result "1/2-1/2"]
[WhiteElo "2485"]
[BlackElo "2430"]
[PlyCount "54"]
[EventDate "1981.??.??"]
[Source "ChessBase"]
[SourceDate "1999.07.01"]

1. d4 Nf6 2. c4 e6 3. Nf3 b6 4. e3 Bb7 5. Bd3 d5 6. O-O Nbd7 7. Nc3 Bd6 8. Qe2
O-O 9. e4 dxe4 10. Nxe4 Nxe4 11. Bxe4 Bxe4 12. Qxe4 c5 13. Rd1 Qc7 14. Bg5 Rae8
15. Rac1 e5 16. dxc5 Bxc5 17. Nh4 g6 18. b4 Be7 19. Bh6 f5 20. Qd5+ Rf7 21. Nf3
e4 22. Qe6 Nf8 23. Bxf8 Kxf8 24. Ne5 Bg5 25. Qxf7+ Qxf7 26. Nxf7 Bxc1 27. Rxc1
Kxf7 1/2-1/2

[Event "NED-ch 1981"]
[Site "Leeuwarden"]
[Date "1981.??.??"]
[Round "3"]
[White "Stehouwer, Coen"]
[Black "Kuijf, Rini"]
[Result "1/2-1/2"]
[WhiteElo "2200"]
[BlackElo "2200"]
[PlyCount "47"]
[EventDate "1981.??.??"]
[Source "ChessBase"]
[SourceDate "1999.07.01"]

1. e4 c5 2. Nf3 e6 3. d4 cxd4 4. Nxd4 Nf6 5. Nc3 Nc6 6. Ndb5 d6 7. Bf4 e5 8.
Bg5 a6 9. Na3 b5 10. Nd5 Qa5+ 11. Bd2 Qd8 12. Bg5 Be7 13. Bxf6 Bxf6 14. c4 O-O
15. Nc2 Rb8 16. Be2 Bg5 17. O-O Be6 18. Ncb4 Nxb4 19. Nxb4 Qb6 20. Qd3 Bxc4 21.
Qd1 Be6 22. Qd3 Bc4 23. Qf3 Be6 24. Qd3 1/2-1/2

[Event "NED-ch 1981"]
[Site "Leeuwarden"]
[Date "1981.??.??"]
[Round "3"]
[White "Van der Vliet, Fred"]
[Black "Bohm, Hans"]
[Result "1/2-1/2"]
[WhiteElo "2395"]
[BlackElo "2410"]
[PlyCount "81"]
[EventDate "1981.??.??"]
[Source "ChessBase"]
[SourceDate "1999.07.01"]

1. c4 Nf6 2. Nf3 e6 3. g3 d5 4. Bg2 Be7 5. O-O O-O 6. d4 Nbd7 7. Qc2 c6 8. b3
b5 9. c5 Ne4 10. Bb2 f5 11. Ne1 Qe8 12. f3 Nef6 13. Nd3 a5 14. a3 g5 15. Nd2
Bd8 16. e4 Ra7 17. Rae1 Qf7 18. Rf2 Nh5 19. Bh3 Ng7 20. Rfe2 Qh5 21. Bg2 f4 22.
e5 Rf7 23. Nf1 Qg6 24. Nf2 Nf8 25. Qxg6 Nxg6 26. g4 b4 27. a4 Ba6 28. Rc2 Nh4
29. Nd2 Nxg2 30. Kxg2 Ne8 31. Rcc1 h5 32. h3 Rh7 33. Rh1 Rh8 34. Ba1 Rah7 35.
Bb2 Nc7 36. Ba1 Bc8 37. Bb2 Na6 38. Ba1 Nb8 39. Bb2 Ba6 40. Rce1 Nd7 41. Ba1
1/2-1/2

[Event "NED-ch 1981"]
[Site "Leeuwarden"]
[Date "1981.??.??"]
[Round "4"]
[White "Boersma, Paul"]
[Black "Langeweg, Kick"]
[Result "0-1"]
[WhiteElo "2335"]
[BlackElo "2455"]
[PlyCount "46"]
[EventDate "1981.??.??"]
[Source "ChessBase"]
[SourceDate "1999.07.01"]

1. c4 c5 2. g3 Nc6 3. Bg2 g6 4. Nc3 Bg7 5. a3 d6 6. Rb1 a5 7. d3 e5 8. h4 h6 9.
h5 g5 10. e4 f5 11. exf5 Bxf5 12. g4 Be6 13. Bd5 Bxd5 14. Nxd5 Nf6 15. Nxf6+
Qxf6 16. Qf3 O-O 17. Qxf6 Rxf6 18. Be3 e4 19. dxe4 Ne5 20. Ne2 Nxc4 21. Ng3 Ne5
22. Nf5 Nxg4 23. Bd2 Re8 0-1

[Event "NED-ch 1981"]
[Site "Leeuwarden"]
[Date "1981.??.??"]
[Round "4"]
[White "Hartoch, Rob"]
[Black "Grooten, Herman"]
[Result "1-0"]
[WhiteElo "2405"]
[BlackElo "2200"]
[PlyCount "97"]
[EventDate "1981.??.??"]
[Source "ChessBase"]
[SourceDate "1999.07.01"]

1. Nf3 Nf6 2. d4 e6 3. g3 b5 4. Bg2 Bb7 5. O-O c5 6. c3 Qb6 7. Bg5 Ne4 8. Be3
d6 9. Nbd2 Nd7 10. dxc5 dxc5 11. a4 Nxd2 12. Qxd2 Be7 13. axb5 Qxb5 14. c4 Qb6
15. Rfd1 Nf6 16. Ne5 Bxg2 17. Kxg2 O-O 18. f3 Rfd8 19. Qc2 h6 20. Rxd8+ Rxd8
21. Nd3 e5 22. b4 e4 23. Nxc5 exf3+ 24. exf3 Qxb4 25. Na6 Qb7 26. Qb1 Qc8 27.
Qb5 Rd3 28. Bxa7 Qe6 29. Rf1 Ra3 30. Nc7 Qe2+ 31. Rf2 Qe1 32. Bd4 Ra5 33. Qb7
Rg5 34. Qa8+ Kh7 35. Ne8 Nxe8 36. Qxe8 Qe6 37. Qa4 h5 38. Qc2+ Kg8 39. Re2 Qd6
40. Qe4 Rg6 41. Qxe7 Qxd4 42. Qe8+ Kh7 43. Qxf7 Qd3 44. Re5 Qd2+ 45. Kh3 Kh6
46. Re8 Kh7 47. Qg8+ Kh6 48. Qh8+ Kg5 49. f4+ 1-0

[Event "NED-ch 1981"]
[Site "Leeuwarden"]
[Date "1981.??.??"]
[Round "4"]
[White "Kuijf, Rini"]
[Black "Van der Vliet, Fred"]
[Result "1/2-1/2"]
[WhiteElo "2200"]
[BlackElo "2395"]
[PlyCount "58"]
[EventDate "1981.??.??"]
[Source "ChessBase"]
[SourceDate "1999.07.01"]

1. e4 c5 2. Nc3 e6 3. Nf3 d6 4. d4 cxd4 5. Nxd4 Nf6 6. f4 Nc6 7. Be3 e5 8. Nf3
Be7 9. Qd2 Qa5 10. Bc4 Be6 11. Bxe6 fxe6 12. Ng5 Nd8 13. h3 h6 14. Nf3 exf4 15.
Bxf4 e5 16. Be3 Qb4 17. a3 Qc4 18. Qd3 Qxd3 19. cxd3 a6 20. Ke2 Nc6 21. Rac1
Bd8 22. Rhd1 O-O 23. g4 Rf7 24. Rg1 Rd7 25. g5 hxg5 26. Bxg5 Nh7 27. Bxd8 Raxd8
28. Nd5 Rf8 29. Rcf1 Rdf7 1/2-1/2

[Event "NED-ch 1981"]
[Site "Leeuwarden"]
[Date "1981.??.??"]
[Round "4"]
[White "Ligterink, Gert"]
[Black "Donner, Jan Hein"]
[Result "1/2-1/2"]
[WhiteElo "2430"]
[BlackElo "2475"]
[PlyCount "43"]
[EventDate "1981.??.??"]
[Source "ChessBase"]
[SourceDate "1999.07.01"]

1. e4 d6 2. d4 Nf6 3. Nc3 g6 4. f4 Bg7 5. Nf3 O-O 6. Be3 c5 7. dxc5 Qa5 8. Bd3
Ng4 9. Bd2 Qxc5 10. Qe2 Nf6 11. O-O-O Nc6 12. h3 Nb4 13. g4 Nxd3+ 14. Qxd3 Be6
15. Be3 Qa5 16. Kb1 Rfc8 17. Bd4 b5 18. b3 b4 19. Ne2 Bd7 20. c4 bxc3 21. Nxc3
Bc6 22. Rhe1 1/2-1/2

[Event "NED-ch 1981"]
[Site "Leeuwarden"]
[Date "1981.??.??"]
[Round "5"]
[White "Donner, Jan Hein"]
[Black "Bohm, Hans"]
[Result "1-0"]
[WhiteElo "2475"]
[BlackElo "2410"]
[PlyCount "75"]
[EventDate "1981.??.??"]
[Source "ChessBase"]
[SourceDate "1999.07.01"]

1. d4 Nf6 2. c4 e6 3. Nc3 Bb4 4. Qb3 c5 5. dxc5 Nc6 6. Nf3 Ne4 7. Bd2 Nxd2 8.
Nxd2 O-O 9. e3 Bxc5 10. Be2 f5 11. O-O b6 12. g3 Bb7 13. Bf3 Qc8 14. Rac1 Ne5
15. Bxb7 Qxb7 16. Ne2 Rad8 17. Qc3 Nf7 18. b4 Be7 19. Nd4 Bf6 20. Qd3 g6 21.
Qe2 e5 22. N4b3 e4 23. f4 exf3 24. Nxf3 Rfe8 25. Rfd1 Re7 26. Rd3 Rde8 27. Nbd2
Ng5 28. Nxg5 Bxg5 29. Nf1 Re4 30. Qd2 R8e7 31. a3 f4 32. gxf4 Bxf4 33. Qg2 Bh6
34. Ng3 Qc6 35. Nxe4 Rxe4 36. Kh1 Bxe3 37. Re1 Qxc4 38. Qe2 1-0

[Event "NED-ch 1981"]
[Site "Leeuwarden"]
[Date "1981.??.??"]
[Round "5"]
[White "Grooten, Herman"]
[Black "Ligterink, Gert"]
[Result "1-0"]
[WhiteElo "2200"]
[BlackElo "2430"]
[PlyCount "82"]
[EventDate "1981.??.??"]
[Source "ChessBase"]
[SourceDate "1999.07.01"]

1. c4 e5 2. Nc3 Nf6 3. Nf3 Nc6 4. e3 Bb4 5. Qc2 Bxc3 6. Qxc3 Qe7 7. a3 a5 8. b4
axb4 9. axb4 Rxa1 10. Qxa1 e4 11. b5 exf3 12. bxc6 fxg2 13. cxd7+ Qxd7 14. Bxg2
O-O 15. Rg1 Qg4 16. Bb2 Nh5 17. h3 Qg6 18. Ke2 Re8 19. Be5 Qe6 20. f4 Qxc4+ 21.
Ke1 f6 22. Qa5 c6 23. Bf1 Qc1+ 24. Kf2 fxe5 25. Be2 Qb2 26. Bxh5 Rf8 27. Kg3
exf4+ 28. exf4 Qd4 29. Rf1 Be6 30. Rf2 Bd5 31. Bg4 g5 32. Qc7 gxf4+ 33. Rxf4
Qg1+ 34. Kh4 Qe1+ 35. Kg5 Qxd2 36. Bf5 Bf7 37. Qe5 Re8 38. Bxh7+ Kf8 39. Qh8+
Ke7 40. Qf6+ Kd7 41. Qxf7+ Re7 1-0

[Event "NED-ch 1981"]
[Site "Leeuwarden"]
[Date "1981.??.??"]
[Round "5"]
[White "Langeweg, Kick"]
[Black "Van der Wiel, John"]
[Result "1/2-1/2"]
[WhiteElo "2455"]
[BlackElo "2465"]
[PlyCount "27"]
[EventDate "1981.??.??"]
[Source "ChessBase"]
[SourceDate "1999.07.01"]

1. d4 Nf6 2. Nf3 e6 3. c4 b6 4. g3 Ba6 5. b3 Bb4+ 6. Bd2 Be7 7. Bg2 c6 8. O-O
d5 9. Bc3 Ne4 10. Bb2 Nd7 11. Nbd2 f5 12. Rc1 Rc8 13. Ne1 Bg5 14. e3 1/2-1/2

[Event "NED-ch 1981"]
[Site "Leeuwarden"]
[Date "1981.??.??"]
[Round "5"]
[White "Stehouwer, Coen"]
[Black "Boersma, Paul"]
[Result "0-1"]
[WhiteElo "2200"]
[BlackElo "2335"]
[PlyCount "80"]
[EventDate "1981.??.??"]
[Source "ChessBase"]
[SourceDate "1999.07.01"]

1. e4 c6 2. d4 d5 3. exd5 cxd5 4. c4 Nf6 5. Nc3 Nc6 6. Bg5 Qa5 7. Bxf6 exf6 8.
cxd5 Bb4 9. Qd2 Bxc3 10. bxc3 Qxd5 11. Ne2 O-O 12. Nf4 Qa5 13. Be2 Rd8 14. Rd1
b6 15. O-O Ba6 16. Rfe1 Bxe2 17. Rxe2 Ne5 18. Qe1 Nc4 19. Rd3 g6 20. Rh3 Qb5
21. a4 Qxa4 22. f3 Re8 23. Nd5 Rxe2 24. Qxe2 Qa1+ 25. Kf2 Qb2 26. Nxf6+ Kg7 27.
Qxb2 Nxb2 28. Nxh7 f6 29. g4 Rh8 30. d5 Nc4 31. g5 Rxh7 32. gxf6+ Kg8 33. Rxh7
Kxh7 34. Ke2 Kg8 35. Kd3 Ne5+ 36. Ke4 Nd7 37. d6 Kf7 38. Kd5 Kxf6 39. f4 a5 40.
h4 a4 0-1

[Event "NED-ch 1981"]
[Site "Leeuwarden"]
[Date "1981.??.??"]
[Round "5"]
[White "Van der Vliet, Fred"]
[Black "Van der Sterren, Paul"]
[Result "1-0"]
[WhiteElo "2395"]
[BlackElo "2440"]
[PlyCount "63"]
[EventDate "1981.??.??"]
[Source "ChessBase"]
[SourceDate "1999.07.01"]

1. d4 Nf6 2. c4 e6 3. g3 c5 4. Nf3 cxd4 5. Nxd4 Qc7 6. Nd2 Nc6 7. Nb5 Qb8 8.
Bg2 Be7 9. O-O a6 10. Nc3 b5 11. e4 O-O 12. b3 Ra7 13. Bb2 d6 14. Rc1 Bd7 15.
f4 Rc8 16. Qe2 Be8 17. Kh1 h6 18. Nd1 bxc4 19. Nxc4 d5 20. exd5 exd5 21. Nce3
Nb4 22. Be5 Qa8 23. Nc3 Bb5 24. Nxb5 Rxc1 25. Rxc1 axb5 26. Nf5 Bd8 27. Qxb5
Rb7 28. Qc5 Nxa2 29. Qc8 Qxc8 30. Rxc8 Rd7 31. Nd4 Nb4 32. Bh3 1-0

[Event "NED-ch 1981"]
[Site "Leeuwarden"]
[Date "1981.??.??"]
[Round "6"]
[White "Boersma, Paul"]
[Black "Van der Vliet, Fred"]
[Result "1-0"]
[WhiteElo "2335"]
[BlackElo "2395"]
[PlyCount "66"]
[EventDate "1981.??.??"]
[Source "ChessBase"]
[SourceDate "1999.07.01"]

1. d4 Nf6 2. c4 e6 3. Nc3 Bb4 4. e3 b6 5. Nge2 Ba6 6. a3 Be7 7. Nf4 d5 8. cxd5
Bxf1 9. Kxf1 Nxd5 10. e4 Nxc3 11. bxc3 c5 12. Be3 Nd7 13. Qg4 cxd4 14. cxd4 O-O
15. e5 b5 16. h4 Nb6 17. Nh5 g6 18. Nf4 Nd5 19. Nxd5 exd5 20. Bh6 Qc8 21. e6
Rd8 22. Re1 f5 23. Qg3 Qc4+ 24. Kg1 Qxd4 25. h5 Qf6 26. hxg6 hxg6 27. Bf4 Qg7
28. Be5 Bf6 29. Bxf6 Qxf6 30. Rh6 Kg7 31. Qh3 Rh8 32. Rxh8 Rxh8 33. Qxh8+ Kxh8
1-0

[Event "NED-ch 1981"]
[Site "Leeuwarden"]
[Date "1981.??.??"]
[Round "6"]
[White "Bohm, Hans"]
[Black "Grooten, Herman"]
[Result "0-1"]
[WhiteElo "2410"]
[BlackElo "2200"]
[PlyCount "68"]
[EventDate "1981.??.??"]
[Source "ChessBase"]
[SourceDate "1999.07.01"]

1. d4 Nf6 2. c4 e6 3. Nc3 Bb4 4. Qc2 c5 5. dxc5 O-O 6. a3 Bxc5 7. Nf3 Nc6 8.
Bg5 Nd4 9. Nxd4 Bxd4 10. e3 Qa5 11. exd4 Qxg5 12. g3 d6 13. f4 Qa5 14. b4 Qc7
15. Nb5 Qc6 16. Qg2 Bd7 17. Nc3 Qc7 18. Be2 Bc6 19. d5 Bxd5 20. Nxd5 exd5 21.
Rc1 a5 22. O-O axb4 23. axb4 Ra2 24. cxd5 Qb6+ 25. Qf2 Qxb4 26. Rb1 Qa5 27. Qf3
Re8 28. Bb5 Qa7+ 29. Kh1 Re3 30. Qd1 h5 31. Rc1 Ng4 32. Rc8+ Kh7 33. Bd3+ g6
34. Rc2 Rxc2 0-1

[Event "NED-ch 1981"]
[Site "Leeuwarden"]
[Date "1981.??.??"]
[Round "6"]
[White "Kuijf, Rini"]
[Black "Donner, Jan Hein"]
[Result "0-1"]
[WhiteElo "2200"]
[BlackElo "2475"]
[PlyCount "108"]
[EventDate "1981.??.??"]
[Source "ChessBase"]
[SourceDate "1999.07.01"]

1. e4 c6 2. d4 d5 3. exd5 cxd5 4. c4 Nf6 5. Nc3 e6 6. Nf3 Bb4 7. cxd5 Qxd5 8.
Bd3 O-O 9. O-O Bxc3 10. bxc3 b6 11. c4 Qd6 12. Bg5 Nbd7 13. Re1 h6 14. Bh4 Bb7
15. Ne5 Nxe5 16. dxe5 Qc6 17. f3 Nd7 18. Be7 Rfe8 19. Bd6 Nc5 20. Bc2 Ba6 21.
Qd4 Rac8 22. Rac1 Nb7 23. Qd3 g6 24. Bb3 Red8 25. Red1 Nxd6 26. exd6 Rd7 27.
Qd2 Rcd8 28. Qxh6 Qc5+ 29. Kh1 Rxd6 30. Re1 Rd2 31. Qh4 Bb7 32. Rcd1 R8d4 33.
Qg3 Rxd1 34. Bxd1 Kg7 35. Qb8 Bc6 36. Bb3 a5 37. a3 a4 38. Ba2 e5 39. h3 f6 40.
Qc7+ Rd7 41. Qc8 Rd2 42. Qc7+ Kf8 43. Qh7 Rxa2 44. Qh8+ Kf7 45. Qh7+ Kf8 46.
Qh8+ Ke7 47. Qg7+ Kd8 48. Qxf6+ Kc8 49. Rxe5 Qxc4 50. Kh2 Kb7 51. Rg5 Qe2 52.
Qf7+ Ka6 53. Rxg6 Bxf3 54. Qc7 Qxg2+ 0-1

[Event "NED-ch 1981"]
[Site "Leeuwarden"]
[Date "1981.??.??"]
[Round "6"]
[White "Langeweg, Kick"]
[Black "Stehouwer, Coen"]
[Result "1/2-1/2"]
[WhiteElo "2455"]
[BlackElo "2200"]
[PlyCount "57"]
[EventDate "1981.??.??"]
[Source "ChessBase"]
[SourceDate "1999.07.01"]

1. d4 Nf6 2. Nf3 e6 3. c4 b6 4. g3 Ba6 5. b3 Bb4+ 6. Bd2 Be7 7. Bg2 c6 8. O-O
d5 9. Bc3 O-O 10. Nbd2 Nbd7 11. Re1 c5 12. e4 dxe4 13. Nxe4 Nxe4 14. Rxe4 Bb7
15. Re3 Bf6 16. dxc5 Bxc3 17. Rxc3 Nxc5 18. b4 Qf6 19. Qd4 Qxd4 20. Nxd4 Bxg2
21. Kxg2 Rfd8 22. Nc6 Rd6 23. Ne7+ Kf8 24. bxc5 bxc5 25. Nf5 exf5 26. Rb1 Re8
27. Rb7 Re7 28. Rb8+ Re8 29. Rb7 1/2-1/2

[Event "NED-ch 1981"]
[Site "Leeuwarden"]
[Date "1981.??.??"]
[Round "6"]
[White "Van der Sterren, Paul"]
[Black "Ree, Hans"]
[Result "0-1"]
[WhiteElo "2440"]
[BlackElo "2485"]
[PlyCount "80"]
[EventDate "1981.??.??"]
[Source "ChessBase"]
[SourceDate "1999.07.01"]

1. e4 e6 2. d4 d5 3. Nc3 Nf6 4. Bg5 Bb4 5. e5 h6 6. Bd2 Bxc3 7. bxc3 Ne4 8. Qg4
g6 9. Bd3 Nxd2 10. Kxd2 c5 11. Nf3 Qc7 12. dxc5 Nd7 13. Bxg6 fxg6 14. Qxe6+ Kd8
15. Qxg6 Re8 16. Rhe1 Nxc5 17. Re3 Qb6 18. Qg7 Be6 19. Rd1 Rg8 20. Qxh6 Rxg2
21. Ng5 Rc8 22. Kc1 Kc7 23. Rf3 Kb8 24. Rf8 Qc6 25. h4 a6 26. h5 Rxf8 27. Qxf8+
Ka7 28. h6 Rxg5 29. h7 Rh5 30. h8=Q Rxh8 31. Qxh8 Ne4 32. Rd3 Nxc3 33. Qh4 Qc5
34. Kb2 Ne4 35. f3 Qb6+ 36. Kc1 Nc5 37. Rd2 Qa5 38. Qd4 b6 39. Rg2 Qa3+ 40. Kb1
Na4 0-1

[Event "NED-ch 1981"]
[Site "Leeuwarden"]
[Date "1981.??.??"]
[Round "6"]
[White "Van der Wiel, John"]
[Black "Hartoch, Rob"]
[Result "1-0"]
[WhiteElo "2465"]
[BlackElo "2405"]
[PlyCount "115"]
[EventDate "1981.??.??"]
[Source "ChessBase"]
[SourceDate "1999.07.01"]

1. e4 d6 2. d4 Nf6 3. Nc3 g6 4. f4 Bg7 5. Nf3 O-O 6. Be2 c5 7. dxc5 Qa5 8. O-O
Qxc5+ 9. Kh1 Bg4 10. Bd3 Nc6 11. Qe1 Bxf3 12. Rxf3 Nb4 13. Be3 Nxd3 14. cxd3
Qc6 15. Bd4 Qd7 16. Qh4 Ng4 17. Bxg7 Kxg7 18. f5 Nf6 19. Raf1 h6 20. d4 g5 21.
Qh3 Ng8 22. e5 dxe5 23. dxe5 Qd4 24. f6+ exf6 25. exf6+ Kh8 26. Rf5 Rae8 27.
Rxg5 Qxf6 28. Rgf5 Qg7 29. Qf3 Re6 30. g3 Ne7 31. Rxf7 Rxf7 32. Qxf7 Qxf7 33.
Rxf7 Kg8 34. Rf4 Re1+ 35. Kg2 Nc6 36. Rf6 Rc1 37. Rxh6 Rc2+ 38. Kh3 Rxb2 39.
Re6 Rc2 40. Re3 a6 41. a4 Rb2 42. Nd5 Kf7 43. Re4 b5 44. axb5 axb5 45. g4 Rd2
46. Rf4+ Kg7 47. Nc7 Ne5 48. Rf5 Ng6 49. Ne6+ Kg8 50. Nf4 Nxf4+ 51. Rxf4 Rb2
52. Rf6 Kg7 53. Rb6 b4 54. Kg3 b3 55. h4 Rb1 56. Kf4 b2 57. Kg5 Kf7 58. h5 1-0

[Event "NED-ch 1981"]
[Site "Leeuwarden"]
[Date "1981.??.??"]
[Round "7"]
[White "Donner, Jan Hein"]
[Black "Van der Sterren, Paul"]
[Result "1/2-1/2"]
[WhiteElo "2475"]
[BlackElo "2440"]
[PlyCount "98"]
[EventDate "1981.??.??"]
[Source "ChessBase"]
[SourceDate "1999.07.01"]

1. d4 d5 2. c4 e6 3. Nc3 c5 4. e3 Nf6 5. Nf3 Nc6 6. a3 a6 7. cxd5 exd5 8. dxc5
Bxc5 9. b4 Ba7 10. b5 axb5 11. Nxb5 Bb8 12. Be2 O-O 13. O-O Ne4 14. Bb2 Re8 15.
Qc2 Bg4 16. Rfd1 Re6 17. g3 Rg6 18. Nc3 Nxc3 19. Bxc3 h5 20. e4 Bxf3 21. Bxf3
d4 22. Bxh5 Rh6 23. Be2 Qf6 24. Bd2 Rxh2 25. Rf1 d3 26. Qxd3 Rxf2 27. e5 Rxf1+
28. Rxf1 Qxe5 29. Kg2 Qe7 30. Bd1 Rxa3 31. Bb3 Ne5 32. Qc3 Qd7 33. Bf4 Qc6+ 34.
Qxc6 bxc6 35. Bxf7+ Nxf7 36. Bxb8 Rb3 37. Bf4 Rc3 38. Rd1 g5 39. Bc7 Kg7 40. g4
Kg6 41. Rd4 Kf6 42. Re4 c5 43. Kf1 Rc2 44. Ke1 Rb2 45. Ba5 Rb3 46. Kd2 Nd6 47.
Bd8+ Kf7 48. Re7+ Kf8 49. Re6 Nf7 1/2-1/2

[Event "NED-ch 1981"]
[Site "Leeuwarden"]
[Date "1981.??.??"]
[Round "7"]
[White "Hartoch, Rob"]
[Black "Ligterink, Gert"]
[Result "1/2-1/2"]
[WhiteElo "2405"]
[BlackElo "2430"]
[PlyCount "23"]
[EventDate "1981.??.??"]
[Source "ChessBase"]
[SourceDate "1999.07.01"]

1. Nf3 c5 2. g3 Nc6 3. c4 g6 4. Bg2 Bg7 5. O-O e6 6. e3 Nge7 7. Nc3 O-O 8. d4
cxd4 9. Nxd4 Nxd4 10. exd4 d5 11. cxd5 Nxd5 12. Nxd5 1/2-1/2

[Event "NED-ch 1981"]
[Site "Leeuwarden"]
[Date "1981.??.??"]
[Round "7"]
[White "Ree, Hans"]
[Black "Boersma, Paul"]
[Result "1-0"]
[WhiteElo "2485"]
[BlackElo "2335"]
[PlyCount "63"]
[EventDate "1981.??.??"]
[Source "ChessBase"]
[SourceDate "1999.07.01"]

1. d4 Nf6 2. c4 c6 3. Nc3 d5 4. e3 g6 5. Nf3 Bg7 6. Be2 O-O 7. O-O Be6 8. b3 c5
9. Ba3 dxc4 10. Bxc5 Na6 11. Ba3 Qa5 12. Bb2 cxb3 13. axb3 Qb6 14. Nd2 Nb4 15.
Na4 Qd8 16. Nc5 Bd5 17. Bc3 a5 18. Bxb4 axb4 19. Rxa8 Qxa8 20. Bf3 e6 21. Nc4
Bxc4 22. bxc4 Qa2 23. Nb3 b6 24. Qd3 Rd8 25. Ra1 Qb2 26. Rb1 Qa3 27. g3 e5 28.
Qc2 exd4 29. Ra1 d3 30. Qb1 Ne4 31. Rxa3 Nc3 32. Ra1 1-0